Biggest Cities on the Black Sea on a Map - Statistics

General Stats
  • This quiz has been taken 134 times
  • The average score is 8 of 16
Answers on the Map
Answers color-coded by a green-red scale on the quiz's map according to % correct below.
 
Answer Stats
Population City % Correct
1,017,699 Odessa
97%
403,893 Sevastopol
91%
432,322 Sochi
85%
332,394 Varna
83%
283,872 Constanța
74%
409,750 Burgas
65%
617,788 Samsun
61%
169,095 Batumi
58%
286,328 Trabzon
54%
275,795 Novorossiysk
35%
114,576 Rize
32%
171,646 Ordu
27%
105,494 Zonguldak
26%
108,248 Yevpatoria
21%
117,944 Giresun
20%
118,764 Ereğli
15%
No matching quizzes found
Score Distribution
Percent of People with Each Score
Percentile by Number Answered
Your Score History
You have not taken this quiz